| 000 | 00818cab a2200181 4500 | ||
|---|---|---|---|
| 001 | ##L131586 | ||
| 008 | 051117n2005 000 0 eng u | ||
| 035 | _a(Sirsi) u131586 | ||
| 041 | 0 | _aeng | |
| 100 | 1 | _aSpedding, Linda | |
| 245 | 0 | 0 | _aEnvironmental information on the Internet |
| 260 | _c2005 | ||
| 490 | 0 |
_aAdvising Business: Law and Practice _v4(8) October 2005, 8-10(3) |
|
| 520 | _aExamines how the lack of a complete source of environmental technology and information for small businesses, has led to them creating their own environmental service provider. The EEN Database is a source guide covering 20 Western European countries and lists technology suppliers, products, services and other relevant information. | ||
| 590 | _aIKA221105 | ||
| 690 | _aENVIRONMENTAL AND LAND CONSULTANCY | ||
| 942 | _n0 | ||
| 999 |
_c76180 _d76180 |
||